《文明V》所有文明 Civilizations in Civilization V - Statistics

General Stats
  • This quiz has been taken 104 times
  • The average score is 19 of 43
Answer Stats
批次 文明 领袖 % Correct
初始 美国 乔治·华盛顿
100%
初始 英国 伊丽莎白一世
90%
初始 中国 武则天
89%
初始 法国 拿破仑一世
89%
初始 印度 甘地
89%
初始 德国 奥托·冯·俾斯麦
86%
初始 日本 织田信长
86%
初始 罗马 奥古斯都·恺撒
80%
初始 俄罗斯 叶卡捷琳娜
80%
新增 蒙古 铁木真
80%
初始 埃及 拉美西斯二世
75%
初始 希腊 亚历山大
69%
初始 波斯 大流士
66%
初始 阿兹特克 蒙特祖马一世
60%
初始 奥斯曼 苏莱曼
60%
新增 朝鲜 李祹
53%
新增 西班牙 伊莎贝拉
47%
美丽新世界 巴西 佩德罗二世
44%
新增 印加 帕查库特克
39%
众神与国王 瑞典 古斯塔夫·阿道夫
38%
众神与国王 匈人 阿提拉
35%
美丽新世界 亚述 亚述巴尼拔
34%
初始 阿拉伯 哈伦·拉希德
31%
新增 丹麦 “蓝牙”哈拉德
31%
众神与国王 荷兰 威廉·奥兰治
31%
众神与国王 埃塞俄比亚 海尔·塞拉西
30%
新增 巴比伦 尼布甲尼撒二世
28%
众神与国王 拜占庭 狄奥多拉
27%
众神与国王 奥地利 玛丽亚·特雷西娅
25%
美丽新世界 波兰 卡齐米日三世
25%
众神与国王 迦太基 狄多
24%
初始 暹罗 兰甘亨
23%
美丽新世界 祖鲁 恰卡
22%
众神与国王 凯尔特 布狄卡
20%
美丽新世界 威尼斯 恩里科·丹多洛
20%
初始 易洛魁 海华沙
19%
初始 桑海 阿斯基亚·穆罕穆德一世
18%
美丽新世界 印度尼西亚 加查·玛达
18%
新增 波利尼西亚 卡美哈梅哈
15%
美丽新世界 葡萄牙 玛丽亚一世
14%
美丽新世界 摩洛哥 艾哈迈德·曼苏尔
13%
美丽新世界 肖肖尼 波卡特洛
10%
众神与国王 玛雅 巴加尔
9%
No matching quizzes found
Score Distribution
Percent of People with Each Score
Percentile by Number Answered
Your Score History
You have not taken this quiz